Sports Quiz

Random Sports Quiz

Bergensligaen Haust2014 Quiz Stats

 Plays Quiz not verified by Sporcle

Challenge
Share
Tweet
Embed
Score 0/31 Timer 05:00
0 Plays Today
Club Player % Correct
StigarevolusjonenHans Christian Lonne
100%
Minde MuthapuckersEspen Eidsnes
85.7%
StigarevolusjonenArne Johannes Holmin
85.7%
Minde MuthapuckersVegard Flatoy
85.7%
Minde MuthapuckersSvein Arne Fure
85.7%
Minde MuthapuckersMorten Aarflot
85.7%
Minde MuthapuckersDarko Mrdalj
85.7%
Bergen BordhockeyEwoud van Veen
85.7%
Bergen BordhockeyTrond Gangsoy
85.7%
JudasgeiteneEndre Vestbo
85.7%
BHK GraaveirEivind Stolen
85.7%
BHK GraaveirHenning Tvedten
85.7%
JudasgeiteneFredrik Torkildsen
85.7%
Bergen BordhockeyLukas van Veen
85.7%
Brent Plast BHKMagnus Stendal
85.7%
TannverkDaniel Flatoy
85.7%
Club Player % Correct
Bergen BordhockeyAnne Grethe Gangsoy
85.7%
BHK GraaveirMartin Hatlebrekke
71.4%
BSI BordhockeyAndreas Zarman
71.4%
JudasgeitenePer Ivar Lonne
71.4%
Minde MuthapuckersHarald Thorstensen
71.4%
JudasgeiteneThomas Peter Calder
71.4%
TannverkEivind Ertesvaag
57.1%
Syv Fjell BHKThomas Eivind Heritier
57.1%
Isotop BHKTom S. Kosmo
57.1%
BSI BordhockeyOdin Holtlien Blo
57.1%
BSI BordhockeyTonje Boe Skarsmoen
42.9%
BSI BordhockeyOle Skei
42.9%
BSI BordhockeyMarius Samuelsen
42.9%
TannverkDaniel Lingjerde
42.9%
TannverkMarius Hogoy
42.9%

You're not logged in!

Compare scores with friends on all Sporcle quizzes.
Join for Free
OR
Log In

You Might Also Like...

Show Comments

Extras

Created Dec 21, 2014ReportNominate
Tags:club, player

Top Quizzes Today


Score Distribution

Your Account Isn't Verified!

In order to create a playlist on Sporcle, you need to verify the email address you used during registration. Go to your Sporcle Settings to finish the process.

Report this User

Report this user for behavior that violates our Community Guidelines.

Details: